| 000 | 01018 a2200277 4500 | ||
|---|---|---|---|
| 003 | OSt | ||
| 005 | 20180116192339.0 | ||
| 008 | 120524t xxu||||| |||| 00| 0 eng d | ||
| 020 | _a076972664X (dvd) | ||
| 024 | 1 | _a032031266490 | |
| 028 | 4 | 2 |
_a032031266490 _bKultur Video |
| 040 | _c0 | ||
| 082 | _a759.9492 | ||
| 245 | 0 | 0 |
_aPiet mondrian _h[videorecording] |
| 260 |
_aUSA : _bKultur Video, _c2004. |
||
| 300 |
_a1 videodisc (50 min.) : _bsd., col ; _c4 3/4 in. |
||
| 490 | 1 | _aArtists of the 20th century. | |
| 520 | _aThe definitive biography of artist Piet Mondrian accompanied by spectacular images of his greatest work. | ||
| 538 | _aColor, DVD, NTSC. | ||
| 600 |
_aMondrian, Piet _d 1872-1944 _91882 |
||
| 650 | 0 |
_aPainters _zNetherlands _91883 |
|
| 830 | 0 |
_aArtists of the 20th century. _91884 |
|
| 856 | 4 | 0 |
_3Amazon.com _uhttp://www.amazon.com/exec/obidos/ASIN/B00019G8CO/chopaconline-20 |
| 942 |
_aSADA _cCDS _kCD 759.9492 PIE 2004 _2ddc |
||
| 999 |
_c352604 _d352604 |
||